<?xml version="1.0" encoding="UTF-8"?><?xml-stylesheet type="text/xsl" href="static/style.xsl"?><OAI-PMH xmlns="http://www.openarchives.org/OAI/2.0/" xmlns:xsi="http://www.w3.org/2001/XMLSchema-instance" xsi:schemaLocation="http://www.openarchives.org/OAI/2.0/ http://www.openarchives.org/OAI/2.0/OAI-PMH.xsd"><responseDate>2026-04-28T04:50:10Z</responseDate><request verb="GetRecord" identifier="oai:riubu.ubu.es:10259/11139" metadataPrefix="marc">https://riubu.ubu.es/oai/request</request><GetRecord><record><header><identifier>oai:riubu.ubu.es:10259/11139</identifier><datestamp>2025-12-16T08:16:49Z</datestamp><setSpec>com_10259_5827</setSpec><setSpec>com_10259_5086</setSpec><setSpec>com_10259_2604</setSpec><setSpec>col_10259_5828</setSpec></header><metadata><record xmlns="http://www.loc.gov/MARC21/slim" xmlns:doc="http://www.lyncode.com/xoai" xmlns:xsi="http://www.w3.org/2001/XMLSchema-instance" xmlns:dcterms="http://purl.org/dc/terms/" xsi:schemaLocation="http://www.loc.gov/MARC21/slim http://www.loc.gov/standards/marcxml/schema/MARC21slim.xsd">
<leader>00925njm 22002777a 4500</leader>
<datafield tag="042" ind1=" " ind2=" ">
<subfield code="a">dc</subfield>
</datafield>
<datafield tag="720" ind1=" " ind2=" ">
<subfield code="a">Gerardi, Gisela</subfield>
<subfield code="e">author</subfield>
</datafield>
<datafield tag="720" ind1=" " ind2=" ">
<subfield code="a">Temiño, Virginia</subfield>
<subfield code="e">author</subfield>
</datafield>
<datafield tag="720" ind1=" " ind2=" ">
<subfield code="a">Salazar Mardones, Gonzalo</subfield>
<subfield code="e">author</subfield>
</datafield>
<datafield tag="720" ind1=" " ind2=" ">
<subfield code="a">Diaz Morales, Noelia</subfield>
<subfield code="e">author</subfield>
</datafield>
<datafield tag="720" ind1=" " ind2=" ">
<subfield code="a">Melero Gil, Beatriz</subfield>
<subfield code="e">author</subfield>
</datafield>
<datafield tag="720" ind1=" " ind2=" ">
<subfield code="a">Bocigas, Carolina</subfield>
<subfield code="e">author</subfield>
</datafield>
<datafield tag="720" ind1=" " ind2=" ">
<subfield code="a">Muñiz Rodríguez, Pilar</subfield>
<subfield code="e">author</subfield>
</datafield>
<datafield tag="720" ind1=" " ind2=" ">
<subfield code="a">Rovira Carballido, Jordi</subfield>
<subfield code="e">author</subfield>
</datafield>
<datafield tag="720" ind1=" " ind2=" ">
<subfield code="a">Cavia Saiz, Mónica</subfield>
<subfield code="e">author</subfield>
</datafield>
<datafield tag="260" ind1=" " ind2=" ">
<subfield code="c">2025-02</subfield>
</datafield>
<datafield tag="520" ind1=" " ind2=" ">
<subfield code="a">Background/Objectives: Helicobacter pylori is a major contributor to gastric infections; it is prevalent in humans and associated with gastrointestinal diseases. In recent years, the increase in antimicrobial resistance has contributed to the need for alternative approaches, prompting interest in natural products with antimicrobial and antivirulence properties. This study investigated the effect of bioaccessible melanoidins from common and soft bread crust against H. pylori infection. Methods: Melanoidins were extracted using dead-end ultrafiltration, and bioaccessible fractions were obtained through in vitro digestion. The bactericidal effect of melanoidins was assessed at 2% and 4% concentrations over 24 and 48 h. The effect on H. pylori adhesion of 100 μg/mL and 200 μg/mL of gastric and intestinal bioaccessible fractions of melanoidins was evaluated in Caco-2 cells. Results: The bactericidal effect of melanoidins revealed significant efficacy, with a greater effect for soft bread melanoidins. The gastric fractions exhibited a higher inhibitory effect, which is crucial for gastric mucosa, the primary site of H. pylori infection. Both bioaccessible fractions showed anti-inflammatory and antioxidant effects against H. pylori-induced inflammation, particularly in the gastric fractions. This was evidenced by a reduction in interleukin-6 and interleukin-8 release and an enhancement in interleukin-10 release. The observed reduction in reactive oxygen species (ROS) and the maintenance of glutathione levels indicate an improved redox status. Conclusions: This study emphasizes the potential of melanoidins, especially from soft bread, as bioactive compounds against H. pylori, offering insights for future functional food development.</subfield>
</datafield>
<datafield tag="024" ind2=" " ind1="8">
<subfield code="a">2072-6643</subfield>
</datafield>
<datafield tag="024" ind2=" " ind1="8">
<subfield code="a">https://hdl.handle.net/10259/11139</subfield>
</datafield>
<datafield tag="024" ind2=" " ind1="8">
<subfield code="a">10.3390/nu17040648</subfield>
</datafield>
<datafield tag="024" ind2=" " ind1="8">
<subfield code="a">2072-6643</subfield>
</datafield>
<datafield ind1=" " ind2=" " tag="653">
<subfield code="a">Melanoidins</subfield>
</datafield>
<datafield ind1=" " ind2=" " tag="653">
<subfield code="a">Crust bread</subfield>
</datafield>
<datafield ind1=" " ind2=" " tag="653">
<subfield code="a">H. pylori</subfield>
</datafield>
<datafield ind1=" " ind2=" " tag="653">
<subfield code="a">Antimicrobial</subfield>
</datafield>
<datafield ind1=" " ind2=" " tag="653">
<subfield code="a">Adhesion</subfield>
</datafield>
<datafield ind1=" " ind2=" " tag="653">
<subfield code="a">Oxidative stress</subfield>
</datafield>
<datafield ind1=" " ind2=" " tag="653">
<subfield code="a">Inflammation</subfield>
</datafield>
<datafield tag="245" ind1="0" ind2="0">
<subfield code="a">Bioaccessible Bread Melanoidins Modulate Oxidative Stress, Reduce Inflammation and Suppress Adhesion of Helicobacter pylori to Caco-2 Cells</subfield>
</datafield>
</record></metadata></record></GetRecord></OAI-PMH>